Southville International School and Colleges
Your cart is empty.
  • Cart
  • Lists
    Public lists Eva Luna New books Lux_list list_1
    Your lists Log in to create your own lists
  • Log in to your account
  • Your cookies
  • Search history
Southville International School and Colleges
  • Advanced search
  • Recent comments
  • Most popular
  • Libraries

Log in to your account

Log in with GOOGLE


If you do not have an external account, but do have a local account, you can still log in:

  1. Home
  2. MARC view: The chamber /
Normal view MARC view ISBD view

The chamber / (Record no. 11285)

[ view plain ]
MARC details
000 -LEADER
fixed length control field 01628pam a2200421 a 4500
001 - CONTROL NUMBER
control field 1596045
003 - CONTROL NUMBER IDENTIFIER
control field LC
005 - DATE AND TIME OF LATEST TRANSACTION
control field 20160308143859.0
008 - FIXED-LENGTH DATA ELEMENTS--GENERAL INFORMATION
fixed length control field 940314s1994 nyu 000 1 eng
010 ## - LIBRARY OF CONGRESS CONTROL NUMBER
LC control number 94011764
020 ## - INTERNATIONAL STANDARD BOOK NUMBER
International Standard Book Number 071009007505 (limited edition)
020 ## - INTERNATIONAL STANDARD BOOK NUMBER
International Standard Book Number 9780440220602
040 ## - CATALOGING SOURCE
Original cataloging agency DLC
Transcribing agency DLC
Modifying agency DLC
-- OCoLC
-- DLC
043 ## - GEOGRAPHIC AREA CODE
Geographic area code n-us-ms
050 00 - LIBRARY OF CONGRESS CALL NUMBER
Classification number PS 3557.R5355
Item number .G869 1994
082 00 - DEWEY DECIMAL CLASSIFICATION NUMBER
Classification number FIC
Item number G88c 1994
100 1# - MAIN ENTRY--PERSONAL NAME
Personal name Grisham, John.
9 (RLIN) 18260
245 14 - TITLE STATEMENT
Title The chamber /
Statement of responsibility, etc John Grisham.
260 ## - PUBLICATION, DISTRIBUTION, ETC. (IMPRINT)
Place of publication, distribution, etc New York :
Name of publisher, distributor, etc Doubleday,
Date of publication, distribution, etc 1994.
300 ## - PHYSICAL DESCRIPTION
Extent vi, 486 p. ;
Dimensions 25 cm.
610 20 - SUBJECT ADDED ENTRY--CORPORATE NAME
Corporate name or jurisdiction name as entry element Ku Klux Klan (1915- )
General subdivision Fiction.
9 (RLIN) 19668
650 #0 - SUBJECT ADDED ENTRY--TOPICAL TERM
Topical term or geographic name as entry element Civil rights movements
General subdivision Fiction.
9 (RLIN) 19669
650 #0 - SUBJECT ADDED ENTRY--TOPICAL TERM
Topical term or geographic name as entry element Death row inmates
General subdivision Fiction.
9 (RLIN) 19670
650 #0 - SUBJECT ADDED ENTRY--TOPICAL TERM
Topical term or geographic name as entry element Ku Klux Klan (1915- ) -- -- Fiction.
9 (RLIN) 19671
650 #0 - SUBJECT ADDED ENTRY--TOPICAL TERM
General subdivision Greenville (Miss.) -- Fiction.
9 (RLIN) 19672
650 #0 - SUBJECT ADDED ENTRY--TOPICAL TERM
Topical term or geographic name as entry element Mississippi
General subdivision Fiction
9 (RLIN) 19673
650 #0 - SUBJECT ADDED ENTRY--TOPICAL TERM
Topical term or geographic name as entry element Bombings
General subdivision Fiction
9 (RLIN) 19674
651 #0 - SUBJECT ADDED ENTRY--GEOGRAPHIC NAME
Geographic name Greenville (Miss.)
General subdivision Fiction.
9 (RLIN) 19675
651 #0 - SUBJECT ADDED ENTRY--GEOGRAPHIC NAME
Geographic name Mississippi
General subdivision Fiction.
9 (RLIN) 19676
655 #7 - INDEX TERM--GENRE/FORM
Genre/form data or focus term Legal stories.
Source of term gsafd
9 (RLIN) 14108
856 41 - ELECTRONIC LOCATION AND ACCESS
Materials specified Sample text
Uniform Resource Identifier <a href="http://www.loc.gov/catdir/samples/random041/94011764.html">http://www.loc.gov/catdir/samples/random041/94011764.html</a>
856 42 - ELECTRONIC LOCATION AND ACCESS
Materials specified Publisher description
Uniform Resource Identifier <a href="http://www.loc.gov/catdir/description/random043/94011764.html">http://www.loc.gov/catdir/description/random043/94011764.html</a>
856 42 - ELECTRONIC LOCATION AND ACCESS
Materials specified Contributor biographical information
Uniform Resource Identifier <a href="http://www.loc.gov/catdir/enhancements/fy0703/94011764-b.html">http://www.loc.gov/catdir/enhancements/fy0703/94011764-b.html</a>
906 ## - LOCAL DATA ELEMENT F, LDF (RLIN)
a 7
b cbc
c orignew
d 1
e ocip
f 19
g y-gencatlg
942 ## - ADDED ENTRY ELEMENTS (KOHA)
Source of classification or shelving scheme Library of Congress Classification
Koha item type Books
Holdings
Withdrawn status Lost status Source of classification or shelving scheme Damaged status Home library Current library Shelving location Date acquired Total Checkouts Full call number Barcode Date last seen Copy number Price effective from Koha item type Date checked out
    Library of Congress Classification   Luxembourg Library Luxembourg Library Fiction Section 09/14/2013   PS 3557.R5355 .G869 1994 11612 02/23/2017 1 09/14/2013 Books  
    Library of Congress Classification   Luxembourg Library Luxembourg Library Fiction Section 09/21/2013 1 PS 3557.R5355 .G869 1994 9722 10/04/2019 2 09/21/2013 Books 09/27/2019

The chamber /

APA

Grisham J., . (1994). The chamber. New York: Doubleday.

Chicago

Grisham John, . 1994. The chamber. New York: Doubleday.

Harvard

Grisham J., . (1994). The chamber. New York: Doubleday.

MLA

Grisham John, . The chamber. New York: Doubleday. 1994.

  • Place hold
  • Print
  • Cite
  • Add to your cart (remove)
  • Save record
    BIBTEX Dublin Core MARCXML MARC (non-Unicode/MARC-8) MARC (Unicode/UTF-8) MARC (Unicode/UTF-8, Standard) MODS (XML) RIS
  • More searches
    Search for this title in:
    Other Libraries (WorldCat) Other Databases (Google Scholar) Online Stores (Bookfinder.com) Open Library (openlibrary.org)

Exporting to Dublin Core...

SOUTHVILLE LIBRARY

Southville International School and Colleges Library

1281 Tropical Ave. Cor. Luxembourg St., BF Homes International, Las Pinas City

Tel. No. 8256374 / 252358 Loc. 117/146

Powered by Koha